Participatory Monitoring and Evaluation of Community Projects (Record no. 17714)

MARC details
000 -LEADER
fixed length control field 00400nam a22001337a 4500
008 - FIXED-LENGTH DATA ELEMENTS--GENERAL INFORMATION
fixed length control field 190531b xxu||||| |||| 00| 0 eng d
020 ## - INTERNATIONAL STANDARD BOOK NUMBER
International Standard Book Number 9966083146
050 ## - LIBRARY OF CONGRESS CALL NUMBER
Classification number HN49
Item number .C6M845 2008 c.1
100 ## - MAIN ENTRY--PERSONAL NAME
Personal name Mulwa, Francis
245 ## - TITLE STATEMENT
Title Participatory Monitoring and Evaluation of Community Projects
Statement of responsibility, etc. Francis Mulwa
260 ## - PUBLICATION, DISTRIBUTION, ETC. (IMPRINT)
Place of publication, distribution, etc. Nairobi
Name of publisher, distributor, etc. paulines Publications
Date of publication, distribution, etc. 2008
300 ## - PHYSICAL DESCRIPTION
Extent 296p.
942 ## - ADDED ENTRY ELEMENTS (KOHA)
Source of classification or shelving scheme Library of Congress Classification
Koha item type General Collection
Holdings
Withdrawn status Lost status Source of classification or shelving scheme Not for loan Home library Current library Date acquired Cost, normal purchase price Total Checkouts Full call number Barcode Date last seen Price effective from Koha item type
    Library of Congress Classification   Kabarak, Main Campus Kabarak, Main Campus 31/05/2019 1500.00   HN49 .C6M845 2008 c.1 024530 31/05/2019 31/05/2019 General Collection
Designed with assistance from East African Informatics Ltd